Some problems of narrative structure universals in folklore

Elmentve itt :
Bibliográfiai részletek
Szerző: Voigt Vilmos
Dokumentumtípus: Cikk
Megjelent: Akadémiai Kiadó Budapest 1972
Sorozat:Linguistica Biblica : interdisziplinäre Zeitschrift für Theologie und Linguistik
Kulcsszavak:Néprajz, Folklór
Tárgyszavak:
Online Access:http://misc.bibl.u-szeged.hu/61424
LEADER 00896nab a2200253 i 4500
001 misc61424
005 20240826103444.0
008 230911s1972 hu o 000 eng d
040 |a SZTE Miscellanea Repozitórium  |b hun 
041 |a eng 
100 1 |a Voigt Vilmos 
245 1 0 |a Some problems of narrative structure universals in folklore  |h [elektronikus dokumentum] /  |c  Voigt Vilmos 
260 |a Akadémiai Kiadó  |b Budapest  |c 1972 
300 |a 78-90  |c 24 cm 
300 |a [13] p.  |c 24 cm 
490 0 |a Linguistica Biblica : interdisziplinäre Zeitschrift für Theologie und Linguistik 
561 |a Németh Gyula hagyaték 
591 |a NOV 6397 
650 4 |a Társadalomtudományok 
650 4 |a Szociológia 
650 4 |a Bölcsészettudományok 
650 4 |a Nyelvek és irodalom 
695 |a Néprajz, Folklór 
856 4 0 |u http://misc.bibl.u-szeged.hu/61424/1/6397_nov.pdf  |z Dokumentum-elérés